Welt- und Naturerbe in der Schweiz - Statistiken

Allgemein
  • Dieses Quiz wurde 87 mal gespielt
  • Das Durchschnittsergebnis liegt bei 5 aus 12
Antwortstatistiken
Beschreibung Lösung % Korrekt
Die in die Aare eingebettete Altstadt der Schweizer Bundestadt mit der Zytglogge Bern
93%
Der Stiftsbezirk mit Stiftsbibliothek und Stiftskirche in dieser Ostschweizer Stadt St. Gallen
90%
Drei Burgen, die sich über diesem Hauptort des Tessin erheben Bellinzona
76%
Die schachbrettartig angelegten Uhrenstädte des Neuenburger Jura, Le Locle und ... La Chaux-de-Fonds
44%
Albula- und Berninalinie dieser berühmten Ostschweizer Bahngesellschaft Rhätische Bahn
39%
Weinbauterrassen dieser Region zwischen Lausanne und Vevey am Genfer See Lavaux
31%
Das Benediktinerinnenkloster in diesem östlichsten Ort der Schweiz Müstair
24%
Prähistorische Holzbauten rund um die Alpen an Flüssen und Seen, wie dem Zürichsee Pfahlbauten
24%
Villa le Lac in Corseaux, Maison Clarté in Genf, beide erdacht vom Schweizer Architekten... Le Corbusier
23%
Naturerberegion in den Schweizer Alpen, benannt nach dritten Berg im Dreigestirn mit Eiger und Mönch sowie einem Gletscher Jungfrau-Aletsch
17%
Von der Plattentektonik ausgelöste Hauptüberschiebung in den Glarner Alpen, die "Tektonikarena", benannt nach dem Piz... Sardona
14%
Fossilienfundstätte, in den Luganer See eingebetter Berg mit 1097 m Höhe Monte San Giorgio
7%
Keine übereinstimmenden Quizze gefunden
Verteilung der Resultate
Anzahl Personen mit jedem Resultat
Perzentil nach korrekt beantworteten Fragen
Ihre Resultats-Entwicklung
Sie haben dieses Quiz noch nicht gespielt